Interpreting Islamic Political Parties / (Record no. 13484)
[ view plain ]
| 000 -LEADER | |
|---|---|
| fixed length control field | 01174cam a2200277 a 4500 |
| 001 - CONTROL NUMBER | |
| control field | 15589823 |
| 005 - DATE AND TIME OF LATEST TRANSACTION | |
| control field | 20100127170244.0 |
| 008 - FIXED-LENGTH DATA ELEMENTS--GENERAL INFORMATION | |
| fixed length control field | 090116s2009 nyu |rb 001 0 eng |
| 010 ## - LIBRARY OF CONGRESS CONTROL NUMBER | |
| LC control number | 2009001859 |
| 020 ## - INTERNATIONAL STANDARD BOOK NUMBER | |
| International Standard Book Number | 9780230618657 (alk. paper) |
| 020 ## - INTERNATIONAL STANDARD BOOK NUMBER | |
| International Standard Book Number | 0230618650 (alk. paper) |
| 040 ## - CATALOGING SOURCE | |
| Original cataloging agency | DLC |
| Transcribing agency | DLC |
| Modifying agency | DLC |
| 043 ## - GEOGRAPHIC AREA CODE | |
| Geographic area code | a------ |
| -- | f------ |
| 050 00 - LIBRARY OF CONGRESS CALL NUMBER | |
| Classification number | JQ1852.A979 |
| Item number | I68 2009 |
| 082 00 - DEWEY DECIMAL CLASSIFICATION NUMBER | |
| Classification number | 324.2182 |
| Edition number | 22 |
| Item number | INT |
| 245 00 - TITLE STATEMENT | |
| Title | Interpreting Islamic Political Parties / |
| Statement of responsibility, etc | Edited by M.A. Mohamed Salih. |
| 260 ## - PUBLICATION, DISTRIBUTION, ETC. (IMPRINT) | |
| Place of publication, distribution, etc | New York : |
| Name of publisher, distributor, etc | Palgrave Macmillan, 2009 |
| Date of publication, distribution, etc | 2009. |
| 300 ## - PHYSICAL DESCRIPTION | |
| Extent | xviii, 302 p. ; |
| Dimensions | 22 cm. |
| 504 ## - BIBLIOGRAPHY, ETC. NOTE | |
| Bibliography, etc | Includes bibliographical references and index. |
| 650 #0 - SUBJECT ADDED ENTRY--TOPICAL TERM | |
| Topical term or geographic name as entry element | Political parties |
| Geographic subdivision | Islamic countries. |
| 9 (RLIN) | 11787 |
| 651 #0 - SUBJECT ADDED ENTRY--GEOGRAPHIC NAME | |
| Geographic name | Islamic countries |
| General subdivision | Politics and government. |
| 9 (RLIN) | 11788 |
| 700 1# - ADDED ENTRY--PERSONAL NAME | |
| Personal name | Salih, Mohamed Abdel Rahim M. |
| Fuller form of name | (Mohamed Abdel Rahim Mohamed) |
| 9 (RLIN) | 11789 |
| 942 ## - ADDED ENTRY ELEMENTS (KOHA) | |
| Source of classification or shelving scheme | Dewey Decimal Classification |
| Item type | Book - Borrowing |
| Withdrawn status | Item status | Source of classification or shelving scheme | Damaged status | Not for loan | Vendor | Home library | Current library | Shelving location | Date acquired | Source of acquisition | Cost, normal purchase price | Serial Enumeration / chronology | Total Checkouts | Total Renewals | Full call number | Barcode | Date last seen | Date last borrowed | Koha item type |
|---|---|---|---|---|---|---|---|---|---|---|---|---|---|---|---|---|---|---|---|
| Dewey Decimal Classification | MERIC | Central Library | Central Library | First floor | 24/02/2010 | 715.80 | 10029 | 4 | 30 | 324.2182 INT | 000019907 | 15/07/2025 | 12/04/2017 | Book - Borrowing |